00798nas a2200241 4500001001300000003000900013005001700022007000300039008003400042040005400076041000900130072000800139100002000147100001800167100001800185100001600203245017000219650001000389650001600399650001100415650001800426773011200444BR2012009573BR-BrBNA20231205121716.0ta230509b bl.|||p| |||| 00| 00por d aBR-BrBNAbporcBiblioteca Nacional de Agricultura a(Pt) aL701 aSchweirgert, A.1 aRezende, F.H.1 aFantoni, D.T.1 aMoroz, L.R.1 aAvaliação da contagem plaquetária pelo contador automático QBC Vet Autoread comparado com estimativa em esfregaço sanguíneo e contagem em hemocitômetro aCÃO aHEMATOLOGIA aSANGUE aVETERINÁRIA0 tSemina. Ciências Agrárias (Brazil)xISSN 1676-546Xg(Oct-Dec 2010), v. 31(4) p. 1001-1008wBR2012009573